Tenemos que aprender de nuevo a plantar. : Nepal.

Guardado en:
Formato: Deslizar
Series:Frágil Planeta Tierra
Materias:
Etiquetas: Agregar Etiqueta
Sin Etiquetas, Sea el primero en etiquetar este registro!
LEADER 01093ngm a22003015g 4500
001 CEM.cems021774
008 130507b1993##################0###0#####d
005 20240909190224.0
245 0 0 |a Tenemos que aprender de nuevo a plantar. :  |b Nepal. 
300 |a 27 
490 0 |a Frágil Planeta Tierra 
500 |a En soporte VHS, consultar en ventanilla. 
538 |a Soporte: VHS - Norma: Pal N - Color - Grabación DRD 1993 - Hitachi=0000. 
505 0 |a Nepal: aspecto humano-económico. Ubicación geográfica. Demografía. Forestación. Proyectos para el control de la presión demográfica. La vida en las zonas rurales. Búsqueda de medios ecológicos para prevenir la tala desmedida. 
082 9 1 |/ CEA 
653 |a GEOGRAFIA HUMANA 
653 |a NEPAL 
653 |a DEMOGRAFIA 
653 |a ECOLOGIA 
653 |a GEOGRAFIA 
653 |a SOCIOLOGIA 
653 |a CULTURAS 
653 |a FORESTACION 
653 |a PLANTAS 
653 |a ARBOLES 
653 |a NIVEL PRIMARIO 
653 |a NIVEL SECUNDARIO 
859 |a CEMS  |b BIB. CEMS - Depto. Recursos Didacticos  |h 910  |i CEA  |k DRD  |p 417.12  |t Ej.1